MARC

LEADER 00000nam0a2200000 4500
001 357532
005 20231102011012.0
035 |a (RuTPU)RU\TPU\retro\14800 
090 |a 357532 
100 |a 20200806d1978 km y0rusy50 ca 
101 0 |a rus 
102 |a RU 
105 |a a z 001zy 
200 1 |a Методы контроля аналоговых вычислительных машин  |f Г. И. Бердяков, И. М. Витенберг 
210 |a Москва  |c Машиностроение  |d 1978 
215 |a 144 с.  |c ил. 
225 1 |a Вычислительная техника 
320 |a Библиогр.: с. 141-143 
606 1 |a Аналоговые вычислительные машины  |x Контроль  |2 stltpush  |3 (RuTPU)RU\TPU\subj\29015  |9 52432 
610 1 |a методы 
610 1 |a АВМ 
610 1 |a моделирование 
610 1 |a задачи 
610 1 |a решение 
610 1 |a отказы 
610 1 |a диагностика 
610 1 |a отладка 
675 |a 681.332  |v 4 
700 1 |a Бердяков  |b Г. И.  |g Геннадий Иванович 
701 1 |a Витенберг  |b И. М.  |g Иссак Моисеевич 
801 1 |a RU  |b 63413507  |c 20200806 
801 2 |a RU  |b 63413507  |c 20210305  |g RCR 
942 |c BK